000 00548nam a2200181Ia 4500
005 20250508160445.0
008 008 250505s9999 xx 000 0 eng d
037 _aTextual
040 _aFEDL
_beng
_cFEDL
041 _aeng
_2eng
084 _a954.03, GRE
_qFEDL
100 _aGreenberger Allen J
245 0 _aBritish image of India : A study in the literature of imperialism 1880-1960
260 _aLondon, UK
_bOxford University Press
_c1969
300 _a234p.
942 _cTEXL
_h954.03, GRE
999 _c1364717
_d1364717